Most Common Trees In The USA - Statistics

General Stats
  • This quiz has been taken 66 times
  • The average score is 3 of 10
Answer Stats
Hint Answer % Correct
10. White Oak
100%
5. Quaking Aspen
34%
4. Douglas Fir
27%
1. Red Maple
27%
8. Flowering Dogwood
21%
6. Sugar Maple
21%
2. Loblolly Pine
13%
3. Sweetgum
11%
7. Balsam Fir
5%
9. Lodgepole Pine
5%
No matching quizzes found
Score Distribution
Percent of People with Each Score
Percentile by Number Answered
Your Score History
You have not taken this quiz